Statystyki dla Quiz o Maroku

Kliknij tutaj aby rozwiązać quiz!

Ogólne statystyki

  • Ten quiz został rozwiązany 2 038 razy
  • Średni wynik to 10 z 19

Statystyki odpowiedzi

WskazówkaOdpowiedź% Poprawnych
StolicaRabat
94%
Państwa afrykańskie graniczące
z Marokiem
Algieria
88%
Języki urzędoweArabski
86%
Państwa afrykańskie graniczące
z Marokiem
Mauretania
78%
Język obcy, którym posługuje się
szacowane 35% Marokańczyków
Francuski
77%
Region stanowiący część Maroka,
uznawany przez niektórych jako kraj
Sahara
Zachodnia
74%
Najbardziej zaludnione miastoCasablanca
72%
Cieśnina oddzielająca Maroko
od Hiszpanii
Cieśnina
{Gibraltarska}
67%
Największe łańcuchy górskie
(nazwij którekolwiek)
Atlas / Rif
61%
Hiszpański archipelag leżący
niedaleko od Maroka
Wyspy
Kanaryjskie
57%
Nazwij jedną z hiszpańskich
"eksklaw" graniczących z Marokiem
Ceuta / Melilla
43%
Miasto, po którym został nazwany
czerwony kapelusz z frędzlem
Fez
34%
Region Afryki Północnej, którego
Maroko jest częścią (na literę M)
Maghreb
28%
Języki urzędoweBerberyjski
27%
Miasto wysunięte najdalej na północ,
niegdyś strefa międzynarodowa
Tanger
26%
Starożytna cywilizacja zbudowana
nad Morzem Śródziemnym, która
skolonizowała Maroko przed
1000 r. p.n.e.
Fenicja
24%
Staromodne określenie
dla mieszkańców Afryki Północnej,
którzy zaatakowali Hiszpanię
Maurowie
23%
Potrawa narodowa Maroka:
małe kulki zmielonej pszenicy
Kuskus
15%
Słowo na K, które odnosi się do
twierdzy lub strażnicy
Kasba
9%

Rozkład punktacji

Percentyl według liczby udzielonych odpowiedzi

Procent ludzi z każdym wynikiem

Twoja historia wyników

Nie rozwiązałeś tego quizu